01339cam a2200289 a 45000010008000000030012000080050017000200080041000370100017000780200015000950400022001100500021001320820021001532450336001742600062005103000035005724900063006075040053006706500026007236500028007497000022007777000033007997100056008327100067008887100035009558300059009901390020NUST - PNEC20170116181118.0830114s1982 paua b 101 0 eng  a 82060584  a0895203952 aDLCcLIBRARYdDLC00aTS370b.A36 198200a673.7322 HAS21900aAdvanced processing methods for titanium :bcasting, forming, machining, welding : proceedings of a symposium /csponsored by the Titanium and Physical Metallurgy Committees of the Metallurgical Society of AIME held at the TMS Fall Meeting, Louisville, Kentucky, October 13-15, 1981 ; edited by Dennis F. Hasson, and C.H. Hamilton. aWarrendale, Pa. :bMetallurgical Society of AIME,cc1982. aviii, 315 p. :bill. ;c24 cm.1 aConference proceedings / the Metallurgical Society of AIME aIncludes bibliographical references and indexes. 0aTitaniumxCongresses. 0aMetal-workxCongresses.1 aHasson, Dennis F.1 aHamilton, C. H.q(C. Howard)2 aMetallurgical Society of AIME.bTitanium Committee.2 aMetallurgical Society of AIME.bPhysical Metallurgy Committee.2 aMetallurgical Society of AIME. 0aConference proceedings (Metallurgical Society of AIME)